Devinez la Capitale Mystère #76 - Statistiques

Statistiques générales
  • Ce quiz a été pris 139 fois
  • Le résultat moyen est 27 sur 36
Statistiques - réponses
Type de Réponse Réponse % Correct
Lettre Trouvée A
100%
Lettre de l'Alphabet I
99%
Lettre de l'Alphabet O
99%
Lettre Trouvée R
99%
Lettre de l'Alphabet E
98%
Lettre de l'Alphabet N
98%
Lettre Trouvée S
97%
Lettre de l'Alphabet L
96%
Lettre Bien Placée A
95%
Lettre de l'Alphabet P
95%
Lettre de l'Alphabet B
93%
Lettre Trouvée T
91%
Lettre Trouvée D
87%
Lettre de l'Alphabet M
87%
Lettre de l'Alphabet C
84%
Lettre de l'Alphabet G
84%
Lettre Trouvée U
84%
Lettre Bien Placée R
83%
Lettre de l'Alphabet K
80%
Lettre Bien Placée A
79%
Lettre de l'Alphabet H
79%
Lettre Bien Placée A
72%
Lettre Trouvée W
70%
Lettre Bien Placée S
66%
Lettre de l'Alphabet V
62%
Lettre de l'Alphabet Y
62%
Lettre Bien Placée T
59%
Lettre de l'Alphabet X
53%
Lettre de l'Alphabet Z
53%
Lettre de l'Alphabet J
49%
Lettre de l'Alphabet F
41%
Lettre Bien Placée U
41%
Lettre de l'Alphabet Q
39%
Lettre Bien Placée W
37%
Lettre Bien Placée D
35%
Capitale Mystère Tarawa-Sud
34%
Aucun quiz correspondant
Distribution des résultats
% des personnes avec chaque résultat
Percentile par nombre de réponses
Votre historique - résultats
Vous n’avez pas pris ce quiz